[Event "Biel MTO op"]
[Site "Biel"]
[Date "1994.??.??"]
[Round "9"]
[White "Gunawan, Ronny"]
[Black "Nemet, Ivan"]
[Result "0-1"]
[WhiteElo "2420"]
[BlackElo "2425"]
[Annotator "Ambroz,J"]
[PlyCount "80"]
[EventDate "1994.07.??"]
[EventType "swiss"]
[EventRounds "11"]
[EventCountry "SUI"]
[SourceTitle "CBM 042"]
[Source "ChessBase"]
[SourceDate "1994.10.01"]
[SourceVersion "1"]
[SourceVersionDate "1994.10.01"]
[SourceQuality "1"]

1. e4 c5 2. Nf3 e6 3. d4 cxd4 4. Nxd4 a6 5. Bd3 Bc5 6. Nb3 Ba7 7. O-O Nc6 8.
Qe2 d6 9. Be3 $1 Bxe3 10. Qxe3 Nf6 11. N1d2 O-O 12. a4 e5 $5 13. a5 (13. Nc4
Be6 14. Nb6 Ng4) 13... Be6 14. Nc4 Bxc4 15. Bxc4 Rc8 16. c3 Ne7 $5 17. Nd2 Qc7
18. Rfe1 Rfe8 19. Bb3 d5 $5 20. Qf3 Rcd8 21. h3 (21. exd5 Nexd5 22. Ne4 Nxe4
23. Qxe4 Nf4 (23... Nf6 24. Qe2) 24. Bc2 $10) 21... d4 22. Nc4 Nc6 23. Red1
dxc3 24. Rxd8 Nxd8 $5 25. bxc3 Ne6 26. Qe3 Qc5 $5 27. f3 (27. Qxc5 Nxc5 28. Ba4
Nxa4 29. Rxa4 Nxe4 30. Rb4 Re7) 27... h5 28. Rd1 (28. Qxc5 Nxc5 29. Ba4 Rc8)
28... h4 29. Rd6 Nh5 30. Rd5 (30. Qxc5 Nxc5 31. Bc2 Nf4 $15) 30... Qc7 31. Qb6
Qc8 32. Rxe5 (32. Nd6 Qxc3 33. Nxe8 Nhf4 $5 (33... Qe1+ 34. Kh2 Qg3+ $10 35.
Kh1) (33... Nd4 34. Rd8 $5 Qe1+ (34... Kh7 35. Kh2 $5 Ng3 (35... Nf4 36. Rxd4
$1 Qe1 37. Rd2 Qxd2 38. Qg1) 36. Rxd4 $1 (36. Bxf7 $4 Nxf3+ 37. gxf3 Qc2+)) 35.
Kh2 Kh7 (35... Qg3+ 36. Kh1 Qe1+ $10) 36. Rxd4 (36. Nf6+ gxf6 37. Rxd4 Nf4)
36... Nf4 37. Rd2 Qxd2 38. Qg1 Qd7 39. Bxf7 $10) 34. Rd1 $140 Qb2 35. Qf2 Qxb3
36. Rc1 g5) 32... Nhf4 33. Qe3 (33. Nd6 Qxc3) 33... Rd8 34. Rf5 Rd3 35. Qb6 (
35. Qe1 g6 $5 36. Re5 Rxc3 37. Nd6 (37. Qxc3 Ne2+) 37... Qc7) 35... Rxc3 36.
Qb4 (36. Nd2 Rc1+ 37. Kh2 Qb8 $5) 36... Qc7 $1 37. Ne5 Rxb3 $1 38. Qxb3 Qc1+
39. Kh2 Qd2 40. Rxf4 Qxf4+ 0-1

[Event "USA-ch"]
[Site "San Diego"]
[Date "2004.11.25"]
[Round "2"]
[White "Kriventsov, Stanislav G"]
[Black "Stripunsky, Alexander"]
[Result "0-1"]
[WhiteElo "2414"]
[BlackElo "2533"]
[Annotator "Atlas,V"]
[PlyCount "80"]
[EventDate "2004.11.24"]
[EventType "swiss"]
[EventRounds "9"]
[EventCountry "USA"]
[SourceTitle "CBM 105"]
[Source "ChessBase"]
[SourceDate "2005.04.11"]
[SourceVersion "1"]
[SourceVersionDate "2005.04.11"]
[SourceQuality "1"]

1. e4 c5 2. Nf3 e6 3. d4 cxd4 4. Nxd4 a6 5. Bd3 Bc5 6. Nb3 Ba7 7. Qe2 Nc6 8.
Be3 d6 9. N1d2 Nge7 10. Bxa7 Rxa7 11. f4 Nb4 12. c3 Nxd3+ 13. Qxd3 O-O 14. O-O
b5 15. a4 Rb7 16. a5 $6 (16. axb5 axb5 17. Qe3 {was to be preferred. war
vorzuziehen.}) 16... Qc7 17. f5 e5 18. Rf3 (18. f6 {deserved attention here.
verdiente hier Aufmerksamkeit.}) 18... Rd8 19. Qe3 f6 20. g4 $6 Qb8 21. Kh1 Qa7
22. Qe1 d5 {After this thematic advance Black develops a dangerous initative.
Nach diesem thematischen Bauernvorstoß entfaltet Schwarz eine gefährliche
Initiative.} 23. exd5 Rbd7 24. Ne4 Rxd5 25. Qe2 Bb7 26. Raf1 Nc8 27. Qe3 Qxe3
28. Rxe3 Rd3 29. Rxd3 $2 ({More tenacious was Hartnäckiger war} 29. Ree1 {
, although after , wenngleich Schwarz nach} Nd6 30. Nbc5 Bxe4+ 31. Nxe4 Nxe4
32. Rxe4 Rd2 33. b4 R8d3 {Black has excellent winning chances. ausgezeichnete
Gewinnchancen hat.}) 29... Bxe4+ 30. Rdf3 {[%tqu "En","White's pieces are
badly coordinated. How can Black use this?","Exploit the shaky position of the
f3-rook and try to deflect the f1-rook.","Use the d8-rook for the decisive
blow.","d8d1","After this impressive rook thrust White is doomed.",4,"De","Die
weißen Figuren sind schlecht koordiniert. Wie kann Schwarz dies ausnutzen?",
"Schlagen Sie Kapital aus der hängenden Stellung des Turms f3 und versuchen
Sie, den Turm f1 abzulenken.","Versetzen Sie mit dem Turm d8 den
entscheidenden Schlag.","d8d1","Nach diesem Dolchstoß ist Weiß verloren.",4]}
Rd1 $1 {[%csl Gd1,Ge4,Rf1,Rf3,Rh1][%cal Ge4h1] The final blow! Black wins a
piece and the game. Der Schlusspunkt! Schwarz gewinnt eine Figur und die
Partie.} 31. Kg2 ({Or Oder} 31. Rxd1 Bxf3+ 32. Kg1 Bxd1 {, and Black is a
piece up. und Schwarz hat eine Figur mehr.}) 31... Rxf1 32. Kxf1 Bxf3 33. Nc5
Bxg4 {The ending is absolutely hopeless for White. Das Endspiel ist absolut
hoffnungslos für Weiß.} 34. Nxa6 Bxf5 35. Nc7 Na7 36. Ke2 Kf7 37. b4 Be6 38.
Kd3 f5 39. a6 Bc4+ 40. Ke3 Ke7 0-1

[Event "BIH-chT"]
[Site "Neum"]
[Date "2004.06.02"]
[Round "5.1"]
[White "Perunovic, Milos"]
[Black "Pikula, Dejan"]
[Result "1-0"]
[WhiteElo "2557"]
[BlackElo "2523"]
[Annotator "Atlas,V"]
[PlyCount "47"]
[EventDate "2004.05.29"]
[EventType "team"]
[EventRounds "9"]
[EventCountry "BIH"]
[SourceTitle "CBM 102"]
[Source "ChessBase"]
[SourceDate "2004.09.23"]
[SourceVersion "1"]
[SourceVersionDate "2004.09.23"]
[SourceQuality "1"]
[WhiteTeam "Bijeljina"]
[BlackTeam "S Saraj"]
[WhiteTeamCountry "BIH"]
[BlackTeamCountry "BIH"]

1. e4 c5 2. Nf3 e6 3. d4 cxd4 4. Nxd4 a6 5. Bd3 Bc5 6. Nb3 Be7 7. Qe2 d6 8. f4
Nf6 9. Be3 Nc6 10. N1d2 O-O 11. O-O-O Nb4 12. Kb1 Nxd3 13. cxd3 b5 14. g4 Bb7
15. g5 Nd7 16. Rhg1 Re8 17. h4 Nc5 18. Nd4 d5 19. g6 $5 fxg6 20. e5 (20. h5
dxe4 21. hxg6 h6 {, with counterchances. mit Gegenchancen.}) 20... Rf8 (20...
Bxh4 {is strongly met by findet die starke Erwiderung} 21. Rh1 Be7 22. Rdg1 {
, with promising chances on the kingside. mit viel versprechenden Chancen am
Königsflügel.}) 21. N2f3 Qd7 22. h5 $1 gxh5 23. Ng5 g6 $2 ({After this mistake
White gets the chance to win the game with a spectacular series of sacrifices.
Correct was Nach diesem Fehler kann Weiß die Partie mit einer spektakulären
Opferserie beenden. Korrekt war} 23... Bxg5 24. Rxg5 h4) {[%tqu "En","How can
White finish the game victoriously?","Destroy the pawn shield protecting the
enemy king","Sacrifice your knight!","g5h7","After this impressive sacrifice
Black's king is doomed.",6,"De","Wie kann Weiß die Partie siegreich beenden?",
"Zerschlagen Sie den Bauernschutz des feindlichen Königs.","Opfern Sie Ihren
Springer!","g5h7","Nach diesem beeindruckenden Opfer ist der schwarze König
verloren.",6]} 24. Nxh7 $3 {[%csl Ge2,Gg1,Rg6,Rg8,Rh5,Gh7]} (24. Nxh7 $3 {
The remarkable conclusion of White's attack. Black resigned in view of the
line Der sehenswerte Abschluss des weißen Angriffs. Schwarz gab auf angesichts
des Abspiels:} Kxh7 25. Rxg6 $3 Kxg6 26. Rg1+ Bg5 (26... Kh7 27. Qxh5#) (26...
Kf7 27. Qxh5#) 27. Rxg5+ Kf7 28. Qxh5+ Ke7 29. Rg7+ Kd8 30. Rxd7+ Kxd7 31. Qh7+
Kd8 32. Nf5 Rxf5 33. Bxc5 {, winning. und gewinnt.}) 1-0

[Event "Olomouc Skanska Cup"]
[Site "Olomouc"]
[Date "2004.08.11"]
[Round "8"]
[White "Balabaev, Timur"]
[Black "Bernasek, Jan"]
[Result "0-1"]
[WhiteElo "2454"]
[BlackElo "2395"]
[Annotator "Atlas,V"]
[PlyCount "64"]
[EventDate "2004.08.04"]
[EventType "tourn"]
[EventRounds "11"]
[EventCountry "CZE"]
[EventCategory "9"]
[SourceTitle "CBM 103"]
[Source "ChessBase"]
[SourceDate "2004.11.11"]
[SourceVersion "1"]
[SourceVersionDate "2004.11.11"]
[SourceQuality "1"]

1. e4 c5 2. Nf3 e6 3. d4 cxd4 4. Nxd4 a6 5. Bd3 Bc5 6. Nb3 Ba7 7. O-O Nc6 8.
Qe2 d6 9. Be3 Bxe3 10. Qxe3 Nge7 11. c4 O-O 12. Nc3 e5 13. Rfd1 f5 14. exf5
Bxf5 15. Rd2 Bxd3 16. Qxd3 Nf5 17. Qd5+ Kh8 18. Ne4 Qh4 19. Ng3 Nxg3 20. hxg3
Qh5 21. Re1 ({If} 21. Qxd6 {, then} Rf6 {, with counterplay.}) 21... Rf6 22.
Re4 g5 23. f3 Raf8 24. Rg4 (24. c5 {deserved attention here.}) 24... Rh6 25.
Rd1 a5 26. a4 Nb4 27. Qd2 Qh2+ 28. Kf1 Nc2 29. Qf2 ({The knight is, of course,
invulnerable:} 29. Qxc2 Rxf3+ 30. Ke1 Qg1+ 31. Kd2 Qe3#) 29... Qh5 30. Re4 g4
31. Rxg4 $2 ({A terrible mistake ruthlessly punished by Black. After} 31. f4 {
White would retain good counterchances.}) {[%tqu "En","How can you take
advantage of White 's mistake?","Exploit an unfortunate placement of White's
pieces and open the f-file.","Sacrifice your queen!","h5g4","This elegant move
wins on the spot.",4]} 31... Qxg4 $1 {[%csl Rd1,Rf1,Rf2,Gf8,Gg4,Gh6] This
elegant queen move yields Black a decisive material advantage.} 32. fxg4 Rh1+ (
32... Ne3+ 33. Ke2 Rxf2+ 34. Kxe3 Rxg2 {was winning too, but the text move is,
of course, stronger.}) (32... Rh1+ {White resigned, in view of huge material
losses:} 33. Ke2 Rxf2+ 34. Kxf2 Rxd1) 0-1

[Event "EU-ch 4th"]
[Site "Istanbul"]
[Date "2003.06.02"]
[Round "4"]
[White "Vokarev, Sergey"]
[Black "Asmundsson, Ingvar"]
[Result "1-0"]
[WhiteElo "2498"]
[BlackElo "2327"]
[Annotator "Atlas,V"]
[PlyCount "51"]
[EventDate "2003.05.30"]
[EventType "swiss"]
[EventRounds "13"]
[EventCountry "TUR"]
[SourceTitle "CBM 096"]
[Source "ChessBase"]
[SourceDate "2003.09.25"]
[SourceVersion "1"]
[SourceVersionDate "2003.09.25"]
[SourceQuality "1"]

1. e4 c5 2. Nf3 e6 3. d4 cxd4 4. Nxd4 a6 5. Bd3 b5 6. O-O Bb7 7. a4 b4 8. Nd2
e5 9. Nf5 g6 10. Ne3 Nf6 11. a5 Bc5 12. Nec4 d5 13. Nxe5 dxe4 14. Bc4 O-O 15.
Nb3 Bd6 16. Qd4 Nc6 17. Nxc6 Bxc6 18. Bg5 Be7 19. Qe5 Re8 20. Nd4 Bb7 21. Rad1
Nd7 $2 ({A decisive mistake. Essential was} 21... Qc8) {[%tqu "En","All
White's pieces are much better placed than their black counterparts. How
should White continue his attack?","Try to disclose the enemy king.",
"Sacrifice your bishop!","c4f7","After this powerful blow White's attack is
irresistible.",5]} 22. Bxf7+ $1 {[%csl Rd7,Re6,Gf7,Rg8][%cal Ge5e6] An
impressive final combination.} Kxf7 23. Qe6+ Kg7 24. Nf5+ $1 {This strike
crowns White attack.} gxf5 25. Rxd7 Qxd7 ({If} 25... Qc8 {, then} 26. Bh6+ Kh8
27. Qe5+ {, with mate in two.}) 26. Bh6+ (26. Bh6+ {, and Black resigned, as
after} Kh8 27. Qxd7 {White wins also his light-squared bishop in view of the
threat 28.Qd4+.}) 1-0

[Event "GER-ch 74th"]
[Site "Saarbruecken"]
[Date "2002.11.23"]
[Round "2"]
[White "Naiditsch, Arkadij"]
[Black "Zeller, Frank"]
[Result "1-0"]
[WhiteElo "2586"]
[BlackElo "2454"]
[Annotator "Atlas,V"]
[PlyCount "71"]
[EventDate "2002.11.22"]
[EventType "swiss"]
[EventRounds "9"]
[EventCountry "GER"]
[SourceTitle "CBM 093"]
[Source "ChessBase"]
[SourceDate "2003.04.01"]
[SourceVersion "1"]
[SourceVersionDate "2003.04.01"]
[SourceQuality "1"]

1. e4 c5 2. Nf3 e6 3. d4 cxd4 4. Nxd4 a6 5. Bd3 Bc5 6. Nb3 Be7 7. O-O d6 8. c4
Nf6 9. Nc3 b6 10. f4 Nbd7 11. Qf3 Bb7 12. Kh1 Qc7 13. Bd2 h5 14. Qh3 Ng4 15.
Rac1 Ndf6 16. f5 Qd7 17. Nd4 Rc8 18. b3 Bd8 19. fxe6 fxe6 20. Nd5 O-O 21. Nxf6+
Bxf6 22. Qxh5 Ne5 23. Bb1 Rc5 24. Qh3 Bc8 25. Ne2 b5 26. Be3 Rc6 27. Nf4 bxc4
28. Ng6 Nxg6 29. e5 $1 {[%csl Rg6,Rh7][%cal Gb1h7,Gh3h7] This efficient pawn
advancement yields White an irresistible attack.} Nxe5 30. Qh7+ Kf7 {[%tqu
"En","How can White convert activity of his pieces into a full point?",
"Eliminate the key defender of the black king.","Use your f1-rook for a
decisive strike!","f1f6","This terrific sacrifice decides the game for White.",
6]} 31. Rxf6+ $1 {[%csl Rf7][%cal Gc1f1,Ge3g5,Gh7f7] This impressive sacrifice
spells a quick end for Black.} Kxf6 32. Rf1+ Ke7 33. Qxg7+ Nf7 34. Rxf7+ $1 {
[%csl Re7][%cal Ge3g5,Gb1g6,Gg7e7] The most convicing way to conclude the game.
} Rxf7 35. Bg5+ Ke8 36. Qg8+ ({, and Black resigned in view of the line:} 36.
Qg8+ Rf8 37. Bg6+) 1-0

[Event "EU-Cup 23rd"]
[Site "Kemer"]
[Date "2007.10.08"]
[Round "6.2"]
[White "Svidler, Peter"]
[Black "Smirin, Ilia"]
[Result "1-0"]
[WhiteElo "2732"]
[BlackElo "2649"]
[Annotator "Avrukh,B"]
[PlyCount "149"]
[EventDate "2007.10.03"]
[EventType "team-swiss"]
[EventRounds "7"]
[EventCountry "TUR"]
[SourceTitle "CBM 121"]
[Source "ChessBase"]
[SourceDate "2007.11.14"]
[SourceVersion "1"]
[SourceVersionDate "2007.11.14"]
[SourceQuality "1"]
[WhiteTeam "Baden-Baden"]
[BlackTeam "Ashdod"]
[WhiteTeamCountry "GER"]
[BlackTeamCountry "ISR"]

1. e4 c5 2. Nf3 e6 3. d4 cxd4 4. Nxd4 a6 5. Bd3 Bc5 6. Nb3 Ba7 ({The
alternative would have been} 6... Be7) 7. Nc3 Nc6 8. Qg4 Nf6 9. Qg3 ({Of
course not} 9. Qxg7 $2 Rg8 10. Qh6 Bxf2+ $1 {with Black's initiative.}) 9... d6
10. Bg5 h6 11. Bd2 e5 12. Be2 $5 $146 {[%csl Gh5] An interesting novelty:
White covers the h5-square and is already threatening to take on g7.} ({
A recent game continued} 12. Nd5 Nh5 $6 (12... O-O $142 $1 13. Bxh6 (13. O-O
Kh8 $13) 13... Bxf2+ 14. Qxf2 Ng4 15. Qg3 Nxh6 16. O-O-O Be6 $13) 13. Qf3 Nf6
14. Ne3 Be6 15. Nf5 O-O 16. O-O $14 {1-0 Wang Hao-Neelotpal,D/Cebu City PHI
2007/The Week in Chess 672 (30)}) ({I still believe that} 12. O-O-O $1 {
should be a critical continuation.} {I think here Black should try} Nh5 $5 (
12... Be6 $2 13. Qxg7 $16) (12... O-O 13. Bxh6 Nh5 14. Qg5 (14. Qf3 Qh4 $1 $13)
14... Qxg5+ 15. Bxg5 Bxf2 16. Rhf1 Ba7 17. Be2 Nf4 18. Bxf4 exf4 19. Kb1 $16) (
12... Ne7 {1-0 Chowdhury,S-Shamima,A/Dhaka 2005/CBM 105 ext (26)} 13. Be2 $1 {
this move is even stronger than} (13. Qxg7 Ng6 14. Bc4 d5 15. Nxd5 Nh5 16. Ba5
Nxg7 17. Bxd8 Kxd8 18. Nb6+ Ke7 19. Nxa8 Be6 20. Bd5 Bxd5 21. Rxd5 Rxa8 22.
Rhd1 $14) 13... Ng6 14. h4 $36) 13. Qf3 Nf6 {[%cal Gc8g4]} 14. h3 {and here
Black should try somehow to start the counterplay on the queenside, delaying
short castling.} (14. Nd5 $140 Nxd5 15. exd5 Ne7 $13) 14... O-O 15. g4 $36)
12... Nd4 $5 ({In my opinion Black has reasonable play after} 12... Be6 13.
O-O-O ({Not so clear is:} 13. Qxg7 Rg8 14. Qxh6 Rxg2 15. O-O-O Bxf2 16. Rhf1
Rg6 17. Qxg6 fxg6 18. Rxf2 Nd7 $13) 13... g6 14. Be3 (14. f4 $6 Nd4 $1 $132 {
[%csl Ge4]}) 14... Bxe3+ 15. Qxe3 b5 $132) 13. Nxd4 exd4 (13... Bxd4 14. O-O g6
(14... Kf8 15. Qd3 $14 {followed by 16 Be3}) 15. Qd3 Be6 16. Be3 $14) 14. Nd5
Nxd5 15. exd5 Qf6 {Here is the position Black was aiming for when playing 12...
Nd4. At first sight it looks strategically dangerous, since Black's B (on a7)
will be out off from the play for some time, but in fact the position is quite
playable for Black.} 16. O-O-O ({Black is pretty solid after} 16. O-O O-O 17.
Bd3 Re8 18. Rfe1 Bd7 19. Bf4 Bc5 20. a3 a5 {[%csl Gb4]}) 16... O-O 17. Bd3 Bd7
18. h4 {Threatening 19 Bg5!} Rfe8 (18... Rac8 $2 19. Bg5 Qe5 20. Bf4 $16) 19.
Rde1 Re5 $5 ({More natural looks to be} 19... Bb5 20. Rxe8+ (20. f4 Rxe1+ 21.
Rxe1 Bxd3 22. cxd3 Qf5 23. Qf3 h5 $11) (20. Bxb5 axb5 21. Kb1 d3 22. Qxd3 Qxf2
23. Bc3 Qxg2 24. Qxb5 $13) 20... Rxe8 21. f4 Bxd3 22. Qxd3 h5 $13) 20. Rxe5
dxe5 (20... Qxe5 $2 21. Bf4 Qxd5 22. Bxh6 Qe5 23. Bf4 Qa5 24. Kb1 $16) 21. f4
$1 Re8 $2 ({It was not so easy to discover the quiet} 21... Bb8 $1 {and after
the more or less forced line} 22. Rf1 Bb5 23. Qg4 Bd6 24. fxe5 Qxe5 25. Rf5 Qg3
26. Qxg3 Bxg3 27. Bxb5 axb5 28. a3 Rd8 $13 {the endgame which has come about
is unclear.} (28... Bxh4 29. d6 {is dangerous for Black.})) 22. fxe5 Qxe5 23.
Bf4 $2 (23. Qf3 $142 Bb8 (23... Bc5 24. g4 $36) 24. Rf1 f6 25. Bf4 Qe7 (25...
Qxf4+ 26. Qxf4 Bxf4+ 27. Rxf4 Re1+ 28. Kd2 Rg1 29. Be4 Kf8 30. d6 $16) 26. d6
Qe6 27. b3 Bb5 (27... b5 28. Bg6 Rd8 29. Qg3 $16) 28. Bxb5 axb5 29. Qg3 {
with advantage.}) 23... Qh5 $5 ({White still keeps some pressure after the
natural} 23... Qxd5 24. Bxh6 Qe5 25. Bf4 (25. Qxe5 Rxe5 $11) 25... Qh5 $1 (
25... Qd5 $2 {[%csl Ga2]} 26. h5 $1 {with a decisive attack} Bc6 (26... Qxa2
27. h6 Qa1+ 28. Kd2 Qa5+ 29. Kd1 $18) 27. h6 Qxg2 28. Qxg2 Bxg2 29. Rg1 $18)
26. Re1 Rxe1+ 27. Qxe1 Bc5 {[%csl Ge7]} 28. Bg5 $14) 24. d6 Bb6 $1 {A very
good manoeuvre; Black's bishop will be ideally placed on d8, covering
important squares and at the same time attacking the h4-pawn.} 25. Re1 (25. Kb1
Bd8 26. Qf2 Qd5 {With level play.}) 25... Bd8 26. Rxe8+ Bxe8 27. Qe1 ({Black
is not worse after} 27. Be5 g6 28. Bxd4 Bxh4) 27... Bc6 28. g3 Qd5 {[%csl Ga2]}
29. b3 g5 $1 {This part of the game has been played very energetically by Ilia
and he managed completely to neutralise White's initiative.} 30. Be5 (30. hxg5
hxg5 31. Bc4 Qf5 32. Qe5 (32. Be5 b5 33. Bd3 Qe6 34. Qe2 Bf3 35. Qxf3 Qxe5 $11)
32... Qf6 $1 33. Qxf6 Bxf6 $11) 30... Ba5 $5 {[%csl Ra3,Rb2,Rc3] It seems to
me that here Smirin has started to play for a win.} ({Black could have forced
a draw after} 30... gxh4 31. gxh4 (31. Bc4 Qe4 32. Qxe4 Bxe4 33. gxh4 Bxh4 34.
Bxd4 Kf8 $11) 31... Bxh4 32. Qxh4 Qxe5 33. Qxh6 (33. Qd8+ Kg7) 33... Qe1+ 34.
Kb2 Qc3+ $11) 31. Qe2 Bb4 (31... Qc5 32. hxg5 hxg5 (32... Qc3 $2 33. Kb1 $18)
33. d7 (33. Bh7+ Kf8 34. Bd3 Qa3+ 35. Kd1 Qxa2 36. Bf4 $1 gxf4 37. Qe7+ Kg7 38.
Qg5+ $11) 33... Qc3 34. Bh7+ (34. Kb1 Bxd7) 34... Kf8 35. Bd6+ Kg7 36. b4 $1
Qa1+ 37. Kd2 Qc3+ $11) 32. Bc4 Qh1+ $6 {The first step in the wrong direction .
} (32... Ba3+ 33. Kb1 d3 $1 (33... Qh1+ 34. Qf1 Qxf1+ 35. Bxf1 Kf8) 34. Bxd3 $8
Bxd6 35. Bxd6 Qxd6 {with equality.}) 33. Qf1 Ba3+ $2 {This is already a
serious mistake, now White's K comes into the play and Black starts to
experience serious problems.} ({It was still not too late for} 33... Qxf1+ 34.
Bxf1 f6 $1 35. Bxf6 Bxd6 36. Bc4+ Kf8 37. hxg5 hxg5 38. Bxg5 Bxg3 39. Kd2 Be4
40. Bd3 Bf3 41. Bf5 $14 {and I believe Black should hold this endgame, even if
he loses the d4-pawn.}) 34. Kd1 Bf3+ (34... Qxf1+ $142 35. Bxf1 Kf8 36. Bd3 Ke8
37. Ke2 Bc5 38. h5 $14) 35. Ke1 Bb4+ ({Black's position remains dificult after
} 35... Qxf1+ 36. Kxf1 Bc6 37. Ke2) 36. Kf2 Qxf1+ 37. Bxf1 $16 Bg4 38. Bg2 Bc8
39. h5 $2 {It looks very tempting to fix Black's pawn on h6 and to create
another target for White's dark-squared bishop. But in fact this move appears
to be a very important loss of tempo, which allows Black to organize the
defence.} ({All three alternatives would have leave White with good winning
chances:} 39. hxg5 hxg5 40. d7 Bxd7 41. Bxb7 Bf5 42. Bxa6 Bxc2 43. Bxd4 Ba3 44.
Bc4 Bb1 45. Kf3 Bxa2 46. Bf6 $16) (39. Bd5 Kf8 40. Kf3 Ke8 41. d7+ Kxd7 42.
Bxf7 $16) ({I like most of all} 39. Ke2 f6 40. d7 $1 Bxd7 41. Bxd4 $16) 39...
Bc5 {[%csl Gh6]} 40. Kf3 (40. Ke2 f6 41. Bxf6 Bxd6 42. Bd5+ Kf8 43. Kf3 g4+ 44.
Kf2 Bc5 45. Ke2 Bd6 46. Bh4 b6 47. Kd3 Bd7 (47... Be5 $2 48. Ke4 Bg7 49. Bd8
$18) 48. Kxd4 Be8 49. Bb7 a5 50. Bc8 Bxh5 $14 {And it seems to me Black should
hold this endgame.}) 40... Bd7 41. g4 (41. Ke2 b5 42. Bd5 Bg4+ 43. Bf3 Bd7 44.
g4 a5 45. Kd3 Kf8 $11) 41... b5 42. Kg3 f6 $1 43. Bxf6 Bxd6+ 44. Kh3 Bc5 {
Now the endgame is drawish, the only problem being that Black will have to
decide how to place his pawns on the Q-side.} 45. Bd5+ Kf8 46. Kg3 a5 47. Kf3
Bb6 ({The easisest way to the draw would have been} 47... b4 48. Bd8 a4 {
, later Black can play a3 , or keep his pawn on a4. Anyway I don't have any
idea how White can improve his position.}) 48. Be5 b4 (48... Bc5 49. Be4 a4 50.
Bf5 Bc6+ 51. Ke2 b4 52. Kd3 Bb5+ 53. Ke4 Bc6+ $11) 49. Be4 Kf7 50. Bg6+ Kf8 51.
Bf5 Bc6+ 52. Ke2 Bb5+ (52... Bc5) 53. Kd2 Ba6 $6 $138 {Black should keep his B
on the a3-f8 diagonal.} (53... Bc5 54. Bg3 a4) 54. Bd6+ $1 Kf7 55. Kc1 {
Now White has a clear plan ,to go with his K to b2, and then to play a3 .} Bb5
56. Kb2 Bc6 57. a3 bxa3+ 58. Kxa3 Bd8 $2 {And this is probably a decisive
mistake.} ({It was extremely difficult in time trouble to find a study-like
idea} 58... Kf6 59. b4 (59. Bf8 $140 Kf7 60. Bxh6 Bc5+ 61. Kb2 Kf6 {and
without the bishop White cannot improve his position.}) 59... Be8 $3 {[%cal
Ge8h5] with the idea Bh5!} 60. Bd3 Bd7 61. Be2 Bd8 62. bxa5 Bxa5 63. Kb3 (63.
Bf8 Kf7 64. Bxh6 Bd2 65. Kb3 Bc8 $11) 63... Bc8 $1 {and it looks like a draw}
64. Bf3 Bc3 65. Kc4 Ke6 66. Bf8 Ke5 67. Bxh6 Kf4 68. Bd1 Be6+ 69. Kc5 Bxg4 $11)
59. b4 Bb6 (59... axb4+ 60. Kxb4 $16) 60. Be5 $16 a4 (60... axb4+ 61. Kxb4 Bf3
62. Kb5 Ba7 63. Bd6 Be2+ 64. Kb4 Bf3 65. Bc5 Bxc5+ 66. Kxc5 Ke7 67. Kxd4 Kd6
68. c4 $18 {hopeless for Black.}) 61. Bg6+ Kf8 62. Bd3 Bf3 63. Kxa4 Bxg4 64.
Kb5 Bd8 65. Bg6 {A practical decision, the computer shows another win} (65. Ka6
Bxh5 66. b5 Bf3 67. b6 Kf7 68. b7 Bxb7+ 69. Kxb7 Bf6 70. Bc7 Ke6 71. Kc6 h5 72.
Ba6 $1 $18) 65... Be2+ 66. Kc6 g4 (66... Bf3+ 67. Kd7 Bb6 68. Bd6+ Kg7 69. Ke7
$18) 67. b5 (67. Bg3 $5) 67... Bf3+ 68. Kc5 Bh4 69. Bxd4 Ke7 (69... g3 70. b6 (
70. Kd6) 70... Ke7 71. Kc4 Kd6 72. Kd3 $18 {[%cal Gc2c4]}) 70. Kb6 ({More
accurate would have been} 70. Be3 $1 {[%csl Gh6]} Kd7 (70... g3 $140 71. Bxh6
g2 72. Be3 $18) 71. Kd4 {followed by Bh6}) 70... Be1 (70... Be2 $142 71. Kc5 (
71. Be4) 71... Bf3 72. Be3 $18) 71. Ka7 $1 {[%cal Gb5b6,Gb6b7,Gb7b8] Now it's
over. Black cannot stop White's b-pawn.} g3 72. b6 Bf2 73. Bxf2 gxf2 74. Bd3
Be4 75. Bf1 {Great endgame technique by Peter Svidler; he managed to exploit
all his chances in this complicated endgame.} 1-0